00720nab a2200241uuc450000100070000000500170000700800410002403500110006503500210007604000130009704100080011010000310011824500720014965000170022165000150023865000130025365000190026665000240028565000170030965000200032665000330034677300990037998906120240826141916.0060817e20060601 spa  a989061 a(OCoLC)820360702 ccomduadb aspa10aAmbrosio, Emilio4auteaut10aSon reversibles los efectos neurotoxicos de las drogas de sintesis? aNeurotoxinas aSerotonina aDopamina aMetanfetaminas aNeurodegeneración aReinervacion 7aÉxtasis2lemb aMetilendioxietilenanfetamina0 tAdicciones (Palma de Mallorca)gVol. 18, No. 02, Jun. 2006, 101-104w978603x0214-48400388180